Biblioteca y Centro de Documentación

Boletín informativo Optima programa (Registro nro. 25947)

Detalles MARC
000 -CABECERA
Longitud fija campo de control 00997nas a2200325 c 4500
001 - NÚMERO DE CONTROL
Número de control 25947
003 - IDENTIFICADOR DE NÚMERO DE CONTROL
Identificador del número de control ES-MaCES
005 - FECHA Y HORA DE LA ÚLTIMA TRANSACCIÓN
Fecha y hora de la última transacción 20250121040010.0
008 - CAMPO FIJO DE DESCRIPCIÓN FIJA--INFORMACIÓN GENERAL
Códigos de información de longitud fija   031112d20002007sp mr p o0 z|spa d
024 7# - OTROS IDENTIFICADORES
Número normalizado o código 207-00-100-X
Fuente del número o código nipo
035 ## - NÚMERO DE CONTROL DEL SISTEMA
Número de control del sistema CES20030000112p
040 ## - FUENTE DE CATALOGACIÓN
Centro catalogador de origen ES-MaCES
Lengua de catalogación spa
Centro transcriptor ES-MaCES
245 00 - MENCIÓN DE TÍTULO
Título Boletín informativo Optima programa
Mención de responsabilidad, etc. [Instituto de la Mujer]
260 ## - PUBLICACIÓN, DISTRIBUCIÓN, ETC (PIE DE IMPRENTA)
Lugar de publicación, distribución, etc. Madrid
Nombre del editor, distribuidor, etc. Instituto de la Mujer
Fecha de publicación, distribución, etc. 2002-2007
300 ## - DESCRIPCIÓN FÍSICA
Extensión v.
Dimensiones 30 cm
310 ## - PERIODICIDAD ACTUAL DE LA PUBLICACIÓN
Periodicidad actual Mensual
500 ## - NOTA GENERAL
Nota general Descripción basada en: N. 4 (dic. 2002)
541 ## - NOTA DE LA FUENTE INMEDIANTE DE ADQUISICIÓN
Forma de adquisición Gratuito
592 ## - CES. NOTA ESTADO DE LA PUBLICACIÓN
Estado publicación Cerrada
650 #4 - ASIENTO SECUNDARIO DE MATERIA--TÉRMINO DE MATERIA
Término de materia o nombre geográfico como elemento inicial proceso afirmativo
9 (RLIN) 29856
650 #4 - ASIENTO SECUNDARIO DE MATERIA--TÉRMINO DE MATERIA
Término de materia o nombre geográfico como elemento inicial igualdad de oportunidades en el empleo
9 (RLIN) 30649
650 #4 - ASIENTO SECUNDARIO DE MATERIA--TÉRMINO DE MATERIA
Término de materia o nombre geográfico como elemento inicial mujeres
9 (RLIN) 28657
653 10 - TÉRMINO DE INDEXACIÓN--NO CONTROLADO
Término no controlado Asuntos Sociales
650 #4 - ASIENTO SECUNDARIO DE MATERIA--TÉRMINO DE MATERIA
9 (RLIN) 28178
Término de materia o nombre geográfico como elemento inicial empresa
710 2# - ENCABEZAMIENTO SECUNDARIO--NOMBRE CORPORATIVO
Nombre de entidad o nombre de jurisdicción como elemento inicial Instituto de la Mujer (España)
9 (RLIN) 4190
866 #0 - FUENTES TEXTUALES--UNIDAD BIBLIOGRÁFICA BÁSICA
Holdings textuales 2000-2007.
Nota pública Ubicación: DEPÓSITO - 55/988
905 ## - CES. DATOS REVISTA
Kardex NO
Proceso +
942 ## - ELEMENTOS KOHA
Fuente de clasificaión o esquema Clasificación propia del CES
Koha [por defecto] tipo de item Periódicas
Parte de clasificación 3.3.
Existencias
Número de registro Signatura completa Tipo de item de Koha
054649 55/988 Periódicas
054650 55/988 Periódicas
© CES, Consejo Económico y Social de España 2021